Normal view
MARC view
- Urban renewal
Entry Topical Term
001 - CONTROL NUMBER
- control field: 24580
003 - CONTROL NUMBER IDENTIFIER
- control field: NUST
005 - DATE AND TIME OF LATEST TRANSACTION
- control field: 20191023105155.0
008 - FIXED-LENGTH DATA ELEMENTS
- fixed length control field: 191023|| aca||aabn | a|a d
040 ## - CATALOGING SOURCE
- Original cataloging agency: NUST
- Transcribing agency: NUST
150 ## - HEADING--TOPICAL TERM
- Topical term or geographic name entry element: Urban renewal
- Geographic subdivision: Europe
- Form subdivision: Case studies.
670 ## - SOURCE DATA FOUND
- Source citation: Work cat.: (NUST)0: Trip, J. J. 24578, What makes a city? :, 2007.
